Famous Franks - Statistics

General Stats
  • This quiz has been taken 32 times
  • The average score is 12 of 25
Answer Stats
Hint Answer % Correct
Crooner nicknamed 'Ol' Blue Eyes' and 'The Chairman of the Board' Frank Sinatra
100%
Four-term American President who introduced the New Deal Franklin Delano Roosevelt
97%
Moustachioed former guitarist of the Mothers of Invention Frank Zappa
77%
Author of "Tender is the Night" and "The Great Gatsby" F. Scott Fitzgerald
77%
Fascist dictator of Spain from 1939 to 1975 Francisco Franco
74%
Filmmaker whose movies include the Godfather trilogy and Apocalypse Now Francis Ford Coppola
71%
Between 1577 and 1580, this English privateer circumnavigated the world in the Golden Hind Francis Drake
61%
Fourteenth U.S. President and anti-abolitionist whose administration oversaw the creation of the states of Kansas and Nebraska Franklin Pierce
55%
English footballer who captained Chelsea during the 2012 Champions' League final Frank Lampard
52%
This Italian-American director's best known film is probably It's A Wonderful Life Frank Capra
48%
American architect who designed New York's Guggenheim Museum Frank Lloyd Wright
48%
This brutal dictator was known as 'Papa Doc' to the people of Haiti Francois Duvalier
45%
Alongside James Watson, this geneticist is widely credited with the discovery of the double helix structure of DNA Francis Crick
42%
Puppeteer whose 'performances' include Kermit the Frog and Yoda Frank Oz
42%
Engineer and inventor after whom ice resurfacers are widely named Frank Zamboni
42%
English Stuart philosopher and civil servant who is often credited with formulating the scientific method Francis Bacon
39%
Sci-fi author who wrote the "Dune" novels Frank Herbert
39%
English musician who co-founded the rock band Status Quo Francis Rossi
32%
This actor was nominated for the 2008 Best Actor Oscar for his depiction of Richard Nixon in Frost/Nixon Frank Langella
32%
Socialist President of France from 2017 to 2017 Francois Hollande
29%
Director best known for his film adaptations of the Stephen King novels "The Shawshank Redemption" and "The Green Mile" Frank Darabont
29%
American singer whose albums include "Channel Orange", "Endless" and "Blonde" Frank Ocean
26%
In 1960, this U-2 spy plane pilot was famously shot down over the Soviet Union, leading to a high-profile prisoner exchange in 1962 Francis Gary Powers
23%
This former con artist's life was depicted in the 2002 movie Catch Me If You Can Frank Abagnale
19%
In his 1992 book of the same name, this political scientist famously saw the collapse of the USSR as "the end of history" Francis Fukuyama
13%
No matching quizzes found
Score Distribution
Percent of People with Each Score
Percentile by Number Answered
Your Score History
You have not taken this quiz